Auburn Football Opponents Since 2000 - Statistics

General Stats
  • This quiz has been taken 272 times
    196 since last reset
  • The average score is 41 of 73
Answer Stats
Times Played Answer % Correct
24 Alabama
100%
25 Georgia
99%
24 Mississippi
98%
8 Florida
96%
24 LSU
96%
24 Mississippi St
96%
8 Tennessee
95%
24 Arkansas
94%
11 Texas AM
94%
6 Kentucky
93%
3 Missouri
93%
8 South Carolina
91%
8 Vanderbilt
90%
1 Florida St
87%
1 Oklahoma
87%
6 Clemson
81%
2 Oregon
80%
1 Michigan
79%
1 North Carolina
77%
2 Georgia Tech
76%
2 Southern California
72%
1 Washington
71%
3 New Mexico St
68%
1 Central Florida
66%
3 Penn St
66%
1 Virginia
65%
2 Tulane
60%
1 Georgia St
59%
1 Minnesota
59%
3 Wisconsin
58%
1 Houston
57%
1 Virginia Tech
57%
1 Maryland
55%
2 Kansas St
54%
8 Louisiana Monroe
54%
1 Purdue
54%
1 Georgia Southern
53%
1 Louisville
52%
1 Memphis
52%
2 Washington St
51%
1 California
50%
1 Nebraska
50%
1 Akron
49%
1 South Florida
49%
2 Northwestern
48%
4 Arkansas St
47%
2 Southern Miss
46%
3 Western Kentucky
46%
2 Syracuse
45%
2 Florida Atlantic
44%
2 Alabama St
43%
2 West Virginia
43%
2 Alabama AM
42%
5 Louisiana Tech
42%
1 Jacksonville St
40%
1 Utah St
40%
1 Massachusetts
39%
4 Samford
37%
3 Ball St
34%
1 Idaho
34%
2 Mercer
34%
1 Wyoming
34%
3 San Jose St
30%
1 Kent St
29%
1 Chattanooga
27%
1 Buffalo
25%
1 Liberty
24%
1 Northern Illinois
21%
1 Citadel
18%
2 Western Carolina
17%
1 Tennessee Tech
16%
1 Tennessee Martin
12%
1 Furman
9%
No matching quizzes found
Score Distribution
Percent of People with Each Score
Percentile by Number Answered
Your Score History
You have not taken this quiz since the last reset